Name The Emmerdale Actors Quiz Stats

 Plays Quiz not verified by Sporcle

Challenge
Share
Tweet
Score 0/20 Timer 10:00
0 Plays Today
% Correct
Nick Miles
72.7%
Isobel Steele
65.2%
Danny Miller
60.9%
Nicola Wheeler
56.6%
Ryan Hawley
56.6%
Michael Parr
56.3%
Jeff Hordley
53.1%
Jane Cox
52%
Kelvin Fletcher
51.6%
James Hooton
50.8%
% Correct
Dominic Brunt
50.4%
Anthony Quinlan
49.6%
Freddie Jones
48.8%
Mark Charnock
48.4%
Steve Halliwell
46.9%
Lucy Pargeter
45.7%
John Bowe
44.9%
Isabel Hodgins
43.4%
Emma Atkins
43%
Chris Chittell
41%

You're not logged in!

Compare scores with friends on all Sporcle quizzes.
OR
Log In

You Might Also Like...

Show Comments

Extras

Created Aug 21, 2017ReportNominate
Tags:Actor Quiz, emmerdale

Top Quizzes Today


Score Distribution

Your Account Isn't Verified!

In order to create a playlist on Sporcle, you need to verify the email address you used during registration. Go to your Sporcle Settings to finish the process.

Report this User

Report this user for behavior that violates our Community Guidelines.

Details: